000 00671nam a2200217 a 4500
999 _c5651
_d5651
001 5651
003 BD-JhCC
005 20180310091209.0
008 171126s1975 bg |||| ||a| 000 0 ben d
035 _a(BD-JhCC)5651
040 _aBD-JhCC
_dBD-JhCC
041 _aben
082 _a891.4409
_bAHA 1975
100 _aআহমদ, আবুল মনসুর
245 _aরাজনীতির পঞ্চাশ বছর /
_cআবুল মনসুর আহমদ
260 _aঢাকা :
_bনওরোজ কিতাবিস্তান :
_c1975.
300 _a839 p. :
_c21 cm.
650 _aBengali Literature
942 _2ddc
_cBK